| 000 | 00855nam a2200265 4500 | ||
|---|---|---|---|
| 003 | OSt | ||
| 005 | 20260530115255.0 | ||
| 008 | 260508b1999 cn ||||| |||| 00| 0 eng d | ||
| 020 | _a 0471292591 | ||
| 040 |
_aICI _bSPA _cICI |
||
| 041 | _aENG | ||
| 050 |
_aNK2113. _bM57 |
||
| 100 | 1 |
_aMitton, Maureen, _eautor _930315 |
|
| 245 | 1 | 0 |
_a Interior design visual presentation : _ba guide to graphics, models & presentation techniques _cMaureen Mitton |
| 264 | 1 |
_a New York : _bJ. Wiley, _c1999 |
|
| 300 |
_a178 páginas _bilustraciones |
||
| 336 |
_atexto _2rdacontent |
||
| 337 |
_asin medio _2rdamedia |
||
| 338 |
_avolumen _2rdacarrier |
||
| 500 | _aLibro de Referencia | ||
| 650 |
_a Decoración de interiores _xDiseño _930316 |
||
| 650 |
_a Artes gráficas _919721 |
||
| 650 |
_aDecoracion de interiores, Servicio de _930317 |
||
| 942 |
_2lcc _cBK _n1 |
||
| 999 |
_c12550 _d12550 |
||